01682nam a2200361Ia 4500001001200000003000800012006001900020007001500039008004100054020001800095020001500113040002100128035002100149050002300170100004500193245026100238250003900499260004900538300003000587490002600617500005700643504005100700533015200751650005400903650007100957651005001028655002901078700003001107710001701137830002301154856012601177999001701303ebr10563925CaPaEBRm u cr cn|||||||||120605r20121887nyuac sb 001 0 eng d z9780823233854 z0823233855 aCaPaEBRcCaPaEBR a(OCoLC)79583360714aE540.N3bW7 2012eb1 aWilliams, George Washington,d1849-1891.12aA history of the Negro troops in the War of the Rebellion, 1861-1865h[electronic resource] :bpreceded by a review of the military services of Negroes in ancient and modern times /cGeorge Washington Williams ; with a new introduction by John David Smith. a1st [Fordham University Press] ed. aNew York :bFordham University Press,c2012. axl, 257 p. :bill., port.1 aThe North's Civil War aReprint. Originally published: Harper & Bros., 1887. aIncludes bibliographical references and index. aElectronic reproduction.bPalo Alto, Calif. :cebrary,d2013.nAvailable via World Wide Web.nAccess may be limited to ebrary affiliated libraries. 0aAfrican American soldiersxHistoryy19th century. 0aMilitary service, VoluntaryzUnited StatesxHistoryy19th century. 0aUnited StatesxHistoryyCivil War, 1861-1865. 7aElectronic books.2local1 aSmith, John David,d1949-2 aebrary, Inc. 0aNorth's Civil War.40uhttp://site.ebrary.com/lib/rucke/Doc?id=10563925zAn electronic book accessible through the World Wide Web; click to view c93852d93852